Sin paz no hay desarrollo

Guardado en:
Bibliografiske detaljer
Format: Texto
Fag:
Tags: Tilføj Tag
Ingen Tags, Vær først til at tagge denne postø!

MARC

LEADER 00000 a a2200000 04500
001 45625
003
040
245 |a Sin paz no hay desarrollo  
500 |a Antes se llamaba: ALAI SERVICIO MENSUAL DE INFORMACION Y DOCUMENTACION  
650 |a SINDICALISMO  
650 |a TRABAJO  
650 |a CAMPESINOS  
650 |a DESARROLLO ECONOMICO  
650 |a HONDURAS  
773 |g volumen12, número102 (Abril, 1988), Págs. 21-22  
999 |c 27836  |d 27836